राष्ट्रीय शिक्षा (Record no. 7135)

MARC details
000 -LEADER
fixed length control field 01053 a2200229 4500
005 - DATE AND TIME OF LATEST TRANSACTION
control field 20080915152327.0
008 - FIXED-LENGTH DATA ELEMENTS--GENERAL INFORMATION
fixed length control field 080915t xxu||||| |||| 00| 0 hin d
010 ## - LCCN (DPL NO)
LC control number HIN-80832
020 ## - INTERNATIONAL STANDARD BOOK NUMBER
International Standard Book Number 8186303081
Terms of availability 200.00
035 ## - SYSTEM CONTROL NUMBER
System control number HN-53178
037 ## - SOURCE OF ACQUISITION
Source of stock number/acquisition D.B.Act / pub
082 ## - DEWEY DECIMAL CLASSIFICATION NUMBER
Classification number 379.2
100 ## - MAIN ENTRY--PERSONAL NAME
Personal name नरेश कुमार
245 ## - TITLE STATEMENT
Title राष्ट्रीय शिक्षा
Statement of responsibility, etc नरेश कुमार
246 ## - VARYING FORM OF TITLE
Title proper/short title Rastriya Shiksha
Remainder of title by Naresh Kumar
260 ## - PUBLICATION, DISTRIBUTION, ETC. (IMPRINT)
Place of publication, distribution, etc दिल्ली
Name of publisher, distributor, etc विक्रम प्रकाशन
Date of publication, distribution, etc 2006
270 ## - ADDRESS
Address ई-11/5, कृष्णा नगर
City दिल्ली
Postal code 110051
300 ## - PHYSICAL DESCRIPTION
Extent 176पृ
Dimensions 22 सेमी(सजिल्द)
500 ## - GENERAL NOTE
General note सन 2004 तथा 2005 का संस्करण आया है
942 ## - ADDED ENTRY ELEMENTS (KOHA)
Institution code [OBSOLETE] dpl
Item type Hindi Books
Call number prefix 379.2 / नरेश
Source of classification or shelving scheme Dewey Decimal Classification
Classification part 379.2
Call number suffix नरेश
Holdings
Withdrawn status Lost status Source of classification or shelving scheme Damaged status Not for loan Home library Current library Date acquired Cost, normal purchase price Total Checkouts Full call number Barcode Date last seen Copy number Cost, replacement price Koha item type
    Dewey Decimal Classification     D.B.Act.Division D.B.Act.Division 15/09/2008 200.00   379.2 नरेश HN-53178 15/09/2008 1 200.00 Hindi Books

© Delhi Public Library
Hit Counter
free hit counter